000 00717nam a2200193 a 4500
003 0
005 20250208082042.0
008 120719s19uu xx 00 eng d
050 _aPGS GV 706.4
_b.K49 2012
100 _aKim, Young Jun.
245 _aSports preference and level of self esteem /
_cYoung Jun Kim.
260 _aLas Piñas City, Philippines :
_bSouthville International School and Colleges,
_c2012.
300 _a16 pages :
_billustrations ;
_c28 cm.
504 _aIncludes bibliographical references.
650 _aSports—Psychological aspects
_vPsychological aspects.
650 _aSelf-esteem
_vInfluence of sports.
650 _aSports participation
_vEffects on self-esteem.
942 _2lcc
_cPASS
999 _c98741
_d98741